[Event "9th Semana Santa Alicante"]
[Site "San Vicente ESP"]
[Date "2025.04.16"]
[Round "1.1"]
[White "Murzin, Volodar"]
[Black "Gonzalez Lopez, Lucas 2013"]
[Result "1-0"]
[WhiteTitle "GM"]
[WhiteElo "2658"]
[BlackElo "2126"]
[WhiteFideId "44155573"]
[BlackFideId "54766907"]
[EventDate "2025.04.16"]

1. e4 c5 2. Nf3 e6 3. d3 d5 4. Nbd2 Nc6 5. g3 Nf6 6. Bg2 Be7 7. O-O O-O 8. Re1
Rb8 9. e5 Nd7 10. Nf1 b5 11. h4 Re8 12. Bf4 Rb6 13. N1h2 f6 14. exf6 Nxf6 15.
Ne5 Nxe5 16. Bxe5 Nd7 17. Bf4 Bd6 18. Bg5 Be7 19. Bxe7 Rxe7 20. Ng4 Rd6 21. Ne5
Qb6 22. Nxd7 Bxd7 23. Re5 Rf7 24. Qd2 Rf6 25. Rae1 Qa6 26. a3 Qb6 27. f4 Qd8 28.
Qe3 Qb6 29. Kh2 a5 30. Rg5 b4 31. Qe5 Kf7 32. f5 h6 33. Rg6 bxa3 34. bxa3 Bc8
35. h5 Qd8 36. fxe6+ Bxe6 37. Rf1 Bc8 38. Rfxf6+ Rxf6 39. Bxd5+ Kf8 40. Bg2 c4
41. Qc5+ Kg8 42. Rxf6 gxf6 43. Qxc4+ Kg7 44. Qe4 f5 45. Qe5+ Kh7 46. Bd5 Bd7 47.
Bf7 Qb6 48. d4 Qb2 49. Bg6+ Kg8 50. Qd5+ Kh8 51. Qxd7 Qxc2+ 52. Kh3 1-0

[Event "9th Semana Santa Alicante"]
[Site "San Vicente ESP"]
[Date "2025.04.16"]
[Round "1.2"]
[White "Bukharkov, Stepan"]
[Black "Puranik, Abhimanyu"]
[Result "0-1"]
[BlackTitle "GM"]
[WhiteElo "2125"]
[BlackElo "2636"]
[WhiteFideId "34346643"]
[BlackFideId "5061245"]
[EventDate "2025.04.16"]

1. Nf3 d5 2. g3 Nc6 3. d4 Bf5 4. Bg2 Nb4 5. Na3 e6 6. O-O Be7 7. Bf4 g5 8. Bc1
h5 9. c3 Nc6 10. Qa4 h4 11. Ne5 f6 12. Nxc6 Qd7 13. b3 bxc6 14. Nc4 hxg3 15.
fxg3 Bh3 16. Na5 c5 17. Qxd7+ Kxd7 18. Bxh3 Rxh3 19. Kg2 g4 20. dxc5 Bxc5 21. b4
Bb6 22. Nb3 Ne7 23. a4 Rah8 24. Rh1 a6 25. e4 dxe4 26. c4 c6 27. Bd2 Nf5 28.
Rae1 e5 29. c5 Bc7 30. Be3 Ne7 31. Bf2 f5 32. b5 axb5 33. axb5 cxb5 34. c6+ Ke6
35. Nc5+ Kf7 36. Na6 Rc8 37. Rb1 Bd6 38. c7 Bxc7 39. Rbc1 Bd6 40. Rxc8 Nxc8 41.
Rb1 f4 42. Bc5 e3 43. Bxd6 f3+ 44. Kg1 Nxd6 45. Nc5 f2+ 46. Kg2 Rxh2+ 0-1

[Event "9th Semana Santa Alicante"]
[Site "San Vicente ESP"]
[Date "2025.04.16"]
[Round "1.3"]
[White "Lu, Shanglei"]
[Black "Panda, Barnabas"]
[Result "1-0"]
[WhiteTitle "GM"]
[WhiteElo "2618"]
[BlackElo "2123"]
[WhiteFideId "8603332"]
[BlackFideId "799556"]
[EventDate "2025.04.16"]

1. e4 e5 2. Bc4 Nf6 3. d3 c6 4. Nf3 d5 5. Bb3 Bb4+ 6. Bd2 Bxd2+ 7. Qxd2 O-O 8.
Nc3 Re8 9. h3 Qd6 10. O-O Nbd7 11. Rfe1 Nc5 12. exd5 Nxb3 13. axb3 cxd5 14. Qg5
h6 15. Qg3 Nh5 16. Qh4 Nf6 17. Re2 d4 18. Nb5 Qc5 19. Na3 Bf5 20. Rae1 Nd7 21.
Nxd4 Bg6 22. Nf3 Re6 23. Qa4 Qc7 24. Nb5 Qc6 25. Qc4 Rc8 26. Nxa7 Qxc4 27. bxc4
Ra8 28. Nb5 Ra2 29. Nxe5 Nxe5 30. Rxe5 Rxe5 31. Rxe5 Rxb2 32. Re8+ Kh7 33. Nd4 1-0

[Event "9th Semana Santa Alicante"]
[Site "San Vicente ESP"]
[Date "2025.04.16"]
[Round "1.4"]
[White "Decker, Nils"]
[Black "Ivanchuk, Vasyl"]
[Result "0-1"]
[BlackTitle "GM"]
[WhiteElo "2122"]
[BlackElo "2604"]
[WhiteFideId "4699670"]
[BlackFideId "14100010"]
[EventDate "2025.04.16"]

1. e4 c5 2. Nf3 d6 3. c3 Nf6 4. Be2 g6 5. O-O Bg7 6. Bb5+ Nc6 7. Re1 O-O 8. h3
e5 9. d4 exd4 10. cxd4 Nxd4 11. Nxd4 cxd4 12. Qxd4 a6 13. Bf1 Re8 14. Bg5 h6 15.
Bxf6 Bxf6 16. Qd2 d5 17. Nc3 dxe4 18. Nd5 Bxb2 19. Rad1 Bg7 20. Qc1 Bd7 21. Qb1
b5 22. a4 Rb8 23. axb5 Bxb5 24. Rxe4 Bxf1 25. Ne7+ Kh7 26. Rxd8 Rxb1 27. Rxe8
Bd3+ 0-1

[Event "9th Semana Santa Alicante"]
[Site "San Vicente ESP"]
[Date "2025.04.16"]
[Round "1.5"]
[White "Kozak, Adam"]
[Black "Feal Albala, Alonso"]
[Result "1-0"]
[WhiteTitle "GM"]
[WhiteElo "2598"]
[BlackElo "2122"]
[WhiteFideId "753246"]
[BlackFideId "54508525"]
[EventDate "2025.04.16"]

1. d4 Nf6 2. c4 c6 3. Nc3 d5 4. e3 Bf5 5. cxd5 Nxd5 6. Bc4 e6 7. Nge2 Bb4 8. O-O
Nxc3 9. bxc3 Bd6 10. Ng3 Qh4 11. f4 Nd7 12. e4 Bg4 13. Qe1 Nb6 14. Bb3 h6 15. h3
Bh5 16. Nf5 Qxe1 17. Nxd6+ Kd7 18. Rxe1 Kxd6 19. f5 f6 20. fxe6 Nc8 21. e5+ fxe5
22. Rxe5 Bg6 23. Re3 Bh7 24. Rg3 g5 25. h4 Nb6 26. hxg5 hxg5 27. Bxg5 Rag8 28.
Rf1 Be4 29. Rf7 Bd5 30. Rxb7 Kxe6 31. Re3+ Kf5 32. Re5+ Kg6 33. Bc2+ Kh5 34.
Bd2+ Kh4 35. Be1+ Kg4 36. Bd1+ Kf4 37. g3+ Rxg3+ 38. Bxg3+ Kxg3 39. Rg7+ 1-0

[Event "9th Semana Santa Alicante"]
[Site "San Vicente ESP"]
[Date "2025.04.16"]
[Round "1.6"]
[White "Deodhar, Vrushali Umesh"]
[Black "Iturrizaga Bonelli, Eduardo"]
[Result "0-1"]
[WhiteTitle "WFM"]
[BlackTitle "GM"]
[WhiteElo "2120"]
[BlackElo "2585"]
[WhiteFideId "5076030"]
[BlackFideId "3901211"]
[EventDate "2025.04.16"]

1. c4 b6 2. Nc3 Bb7 3. Nf3 Nf6 4. d4 e6 5. a3 d5 6. e3 Bd6 7. cxd5 exd5 8. Bd3
O-O 9. O-O Re8 10. Qc2 a6 11. b3 Nbd7 12. Bb2 Qe7 13. Ne2 g6 14. a4 Rac8 15.
Rfc1 h5 16. Nf4 Ne4 17. Bf1 c5 18. dxc5 bxc5 19. Re1 g5 20. Nxh5 g4 21. Nd2
Bxh2+ 22. Kxh2 Qh4+ 23. Kg1 Qxf2+ 24. Kh1 Nxd2 25. Nf4 Rc6 26. Re2 Rh6+ 27. Nh3
Rxh3+ 28. gxh3 d4+ 29. e4 Qf3+ 0-1

[Event "9th Semana Santa Alicante"]
[Site "San Vicente ESP"]
[Date "2025.04.16"]
[Round "1.7"]
[White "Stremavicius, Titas"]
[Black "Gomez Fernandez, Pedro Javier"]
[Result "1-0"]
[WhiteTitle "GM"]
[WhiteElo "2551"]
[BlackElo "2120"]
[WhiteFideId "12804444"]
[BlackFideId "24513750"]
[EventDate "2025.04.16"]

1. d4 d5 2. c4 e6 3. Nc3 c6 4. e4 dxe4 5. Nxe4 Bb4+ 6. Bd2 Qxd4 7. Bxb4 Qxe4+ 8.
Be2 Na6 9. Ba5 b6 10. Qd6 Bd7 11. Bc3 f6 12. Nf3 Nh6 13. Nd2 Qg6 14. Qa3 Nc5 15.
Bd4 O-O 16. Bxc5 bxc5 17. O-O Nf5 18. Bd3 Qf7 19. Nb3 e5 20. Qxc5 Rfe8 21. Rfe1
Qe7 22. Rad1 Rad8 23. Be4 Nd4 24. Qxe7 Rxe7 25. Nxd4 exd4 26. Bxh7+ Kf8 27. Rxe7
Kxe7 28. Rxd4 f5 29. h4 Rh8 30. Bg6 c5 31. Rf4 Kf6 32. h5 Ke5 33. Rf3 Be6 34.
Re3+ Kf6 35. Ra3 Bxc4 36. Rxa7 Rd8 37. Ra5 Rc8 38. b4 cxb4 39. Rxf5+ Ke7 40. Rf4
Rc7 41. Rd4 Ke6 42. f4 Rc5 43. Kf2 Bxa2 44. Rxb4 Bd5 45. g4 Bc6 46. Be4 Bb5 47.
Kg3 Kf6 48. Kh4 Bd7 49. Rb7 1-0

[Event "9th Semana Santa Alicante"]
[Site "San Vicente ESP"]
[Date "2025.04.16"]
[Round "1.8"]
[White "Kuznecova, Marija"]
[Black "Vetokhin, Savva"]
[Result "0-1"]
[WhiteTitle "WFM"]
[BlackTitle "GM"]
[WhiteElo "2119"]
[BlackElo "2549"]
[WhiteFideId "11618736"]
[BlackFideId "44144474"]
[EventDate "2025.04.16"]

1. e4 c5 2. Nf3 Nc6 3. Nc3 g6 4. d4 cxd4 5. Nxd4 Bg7 6. Be3 Nf6 7. Bc4 O-O 8.
Bb3 d6 9. f3 Nxd4 10. Bxd4 Qa5 11. O-O Bd7 12. Kh1 Bc6 13. Nd5 Bxd5 14. exd5 Nd7
15. Bxg7 Kxg7 16. Re1 Rfe8 17. Qd4+ Kg8 18. Re2 Rac8 19. Qa4 Qxa4 20. Bxa4 Rc7
21. Rae1 Kf8 22. c4 Rec8 23. Bxd7 Rxd7 24. Re4 Rc5 25. b4 Rc8 26. b5 Rc5 27. Rh4
Rdc7 28. Ree4 Rxb5 29. h3 Rb1+ 30. Kh2 Kg7 31. Re3 Rb2 32. Ra3 a6 33. Ra4 h5 34.
Re4 b5 35. Rxa6 bxc4 36. Rc6 Ra7 37. Kg3 Raxa2 38. Kh4 Rxg2 39. Rxe7 c3 40. Rxc3
Ra4+ 41. Re4 Kh6 0-1

[Event "9th Semana Santa Alicante"]
[Site "San Vicente ESP"]
[Date "2025.04.16"]
[Round "1.9"]
[White "Sethuraman, S.P."]
[Black "Steiners, Emils"]
[Result "1-0"]
[WhiteTitle "GM"]
[WhiteElo "2548"]
[BlackElo "2119"]
[WhiteFideId "5021596"]
[BlackFideId "11629991"]
[EventDate "2025.04.16"]

1. d4 d5 2. c4 e6 3. Nc3 Nf6 4. cxd5 exd5 5. Bg5 Nbd7 6. e3 c6 7. Bd3 Be7 8. Qc2
O-O 9. h3 Re8 10. Nf3 Nf8 11. O-O Be6 12. Ne5 N6d7 13. Bxe7 Qxe7 14. f4 f6 15.
Nf3 Nb6 16. Rae1 Qc7 17. g4 Bf7 18. Qg2 c5 19. g5 fxg5 20. Nxg5 cxd4 21. Nb5 Qd7
22. Nxf7 Kxf7 23. Nxd4 Qe7 24. f5 Qf6 25. Ne6 Rac8 26. Rf4 Re7 27. Nxg7 Qh6 28.
f6 Rxe3 29. Rxe3 Rc1+ 30. Bf1 Ng6 31. Re7+ Kg8 32. f7+ 1-0

[Event "9th Semana Santa Alicante"]
[Site "San Vicente ESP"]
[Date "2025.04.16"]
[Round "1.10"]
[White "Gomez Jurado, Luis Alberto"]
[Black "Dragnev, Valentin"]
[Result "1/2-1/2"]
[WhiteTitle "FM"]
[BlackTitle "GM"]
[WhiteElo "2118"]
[BlackElo "2538"]
[WhiteFideId "2202107"]
[BlackFideId "1634852"]
[EventDate "2025.04.16"]

1. Nf3 d5 2. d4 Nf6 3. c4 e6 4. g3 Bb4+ 5. Bd2 Be7 6. Bg2 O-O 7. O-O a5 8. cxd5
exd5 9. Nc3 Re8 10. Rc1 c6 11. Ne5 Na6 12. Qb3 Bd6 13. Bf4 Nc7 14. Nd3 Bxf4 15.
Nxf4 Qd6 16. Rfe1 Bf5 17. Na4 Nb5 18. e3 Re7 19. Nb6 a4 20. Nxa4 g5 21. Nb6 Ra5
22. Nd3 Qd8 23. a4 Qxb6 24. Ne5 Qa6 25. Qb4 Re6 26. axb5 Rxb5 27. Qd2 Qa5 28.
Qxa5 Rxa5 29. Bf1 Ra4 30. f3 Re8 31. g4 Bg6 32. Ra1 Rb4 33. Re2 Kg7 34. Nxg6
hxg6 35. Kf2 Nd7 36. Ra7 Re7 37. Rc2 Kf6 38. Ra3 Nb6 39. Kg3 Na4 40. b3 Nb6 41.
Rc3 Nd7 42. Ra4 Rxa4 43. bxa4 Ke6 44. Rb3 b6 45. Ba6 Re8 46. e4 f6 47. Bd3 Ra8
48. exd5+ Kxd5 49. Bxg6 Rxa4 50. Bf5 Kd6 51. Bxd7 Kxd7 52. Rxb6 Kc7 53. Rb1 Rxd4
54. h4 gxh4+ 55. Kxh4 c5 56. Kg3 c4 57. Kf2 Kc6 58. Ke3 Rd8 59. Ke4 Kc5 60. Kf5
c3 61. f4 Rf8 62. Kg6 Kd4 63. Kg7 Rc8 64. Kxf6 Ke4 65. f5 Kf4 66. Kg6 Kxg4 67.
f6 Kf4 68. f7 Ke3 69. Kg7 c2 70. Rc1 Kd2 71. Rxc2+ Kxc2 72. f8=Q Rxf8 73. Kxf8 1/2-1/2

[Event "9th Semana Santa Alicante"]
[Site "San Vicente ESP"]
[Date "2025.04.16"]
[Round "1.11"]
[White "Pranav, Anand"]
[Black "Garijo Perez, Hugo"]
[Result "1-0"]
[WhiteTitle "GM"]
[WhiteElo "2538"]
[BlackElo "2118"]
[WhiteFideId "46626786"]
[BlackFideId "24533033"]
[EventDate "2025.04.16"]

1. e4 c5 2. Nf3 e6 3. d4 cxd4 4. Nxd4 a6 5. Bd3 Bc5 6. Nb3 Ba7 7. Qg4 Nf6 8. Qg3
d6 9. Nc3 O-O 10. Bg5 Nbd7 11. O-O-O Qc7 12. h4 Kh8 13. f4 b5 14. a3 Bb7 15. Kb1
Ng8 16. h5 h6 17. Bh4 Nc5 18. Qg4 Na4 19. Na2 e5 20. fxe5 dxe5 21. Nb4 Nc5 22.
Nxc5 Qxc5 23. Rhf1 a5 24. Nd5 Bc8 25. Qe2 b4 26. a4 Be6 27. Bb5 Qc8 28. Qe1 f6
29. Bf2 Bg4 30. Be2 Bxf2 31. Qxf2 Bxe2 32. Qxe2 Qc5 33. Qe3 Qxe3 34. Nxe3 Ra7
35. Rd5 Ne7 36. Rxe5 Nc6 37. Rc5 Nd4 38. Nc4 Re8 39. Rd1 Rxe4 40. Rxa5 Rxa5 41.
Nxa5 Ne6 42. Nc6 Nc5 43. a5 b3 44. cxb3 Re6 45. b4 Na4 46. Nd4 Re5 47. Ka2 Rxh5
48. Ka3 1-0

[Event "9th Semana Santa Alicante"]
[Site "San Vicente ESP"]
[Date "2025.04.16"]
[Round "1.12"]
[White "Lam, Chun Yung Samuel"]
[Black "Heberla, Bartlomiej"]
[Result "0-1"]
[WhiteTitle "FM"]
[BlackTitle "GM"]
[WhiteElo "2117"]
[BlackElo "2523"]
[WhiteFideId "6004431"]
[BlackFideId "1115120"]
[EventDate "2025.04.16"]

1. e4 c5 2. Nf3 Nc6 3. d4 cxd4 4. Nxd4 e5 5. Nb5 d6 6. N1c3 a6 7. Na3 Be6 8. Nc4
Rb8 9. g3 Nf6 10. Bg5 Nd4 11. Ne3 Rc8 12. Bg2 Be7 13. O-O Ng8 14. Bxe7 Nxe7 15.
Ne2 Qb6 16. c3 Nxe2+ 17. Qxe2 O-O 18. Rfd1 Rfd8 19. h4 Qc5 20. Kh2 b5 21. Bh3
Bxh3 22. Kxh3 d5 23. Nxd5 Nxd5 24. Rxd5 Rxd5 25. exd5 Qxd5 26. Rd1 Qxa2 27. Qxe5
Qxb2 28. Qc7 Rf8 29. Rd8 Qa3 30. Rxf8+ Qxf8 31. Qb7 a5 32. Qxb5 Qa8 33. Qa4 Qh1+
34. Kg4 h5+ 35. Kf4 Qc1+ 36. Ke4 Qe1+ 37. Kd3 Qf1+ 38. Ke3 Qe1+ 39. Kd3 Qxf2 40.
Qe8+ Kh7 41. Qe4+ f5 42. Qf4 Qxf4 43. gxf4 g5 44. c4 gxh4 45. c5 h3 46. c6 h2
47. c7 h1=Q 48. c8=Q Qe4+ 49. Kc3 Qxf4 50. Qb7+ Kh6 51. Qb6+ Kg5 52. Qxa5 Kg4
53. Kb2 h4 54. Qe1 Qd4+ 55. Ka2 h3 56. Qe6 Qd2+ 57. Ka1 Qd1+ 58. Ka2 Qd2+ 59.
Ka1 h2 60. Qg8+ Kf3 61. Qa8+ Kg3 62. Qb8+ f4 63. Qb3+ Kh4 0-1

[Event "9th Semana Santa Alicante"]
[Site "San Vicente ESP"]
[Date "2025.04.16"]
[Round "1.13"]
[White "Vrolijk, Liam"]
[Black "Contie, Lilio"]
[Result "1-0"]
[WhiteTitle "GM"]
[WhiteElo "2520"]
[BlackElo "2111"]
[WhiteFideId "1048333"]
[BlackFideId "45190003"]
[EventDate "2025.04.16"]

1. d4 d5 2. c4 e6 3. Nf3 c5 4. cxd5 exd5 5. g3 Nc6 6. Bg2 Nf6 7. O-O Be7 8. dxc5
Bxc5 9. a3 Ne4 10. Nfd2 f5 11. Nc3 Be6 12. Nb3 Bb6 13. Na4 d4 14. Nd2 Nxd2 15.
Qxd2 Bd5 16. Qg5 O-O 17. Qxd8 Raxd8 18. Bg5 Bxg2 19. Kxg2 Rd5 20. b4 Bd8 21.
Bxd8 Rfxd8 22. Nc5 Re8 23. Ra2 b6 24. Nd3 a5 25. Rc1 Ne5 26. Nf4 Rb5 27. Rc7 Kf8
28. h4 Re7 29. Rac2 axb4 30. axb4 g6 31. Rxe7 Kxe7 32. Rc7+ Nd7 33. Rc4 Ne5 34.
Rxd4 Nc6 35. Rd2 Ke8 36. Nd5 Kf8 37. Rc2 Nxb4 38. Rc8+ Kf7 39. Rc7+ Ke6 40. Nf4+
Kf6 41. Rxh7 Nd5 42. Nxd5+ Rxd5 43. h5 gxh5 44. Rxh5 Kg6 45. Rh8 Rd2 46. Kf3 Rb2
47. Re8 b5 48. g4 fxg4+ 49. Kxg4 b4 50. f4 b3 51. e4 Rg2+ 52. Kf3 Rg1 53. Rg8+ 1-0

[Event "9th Semana Santa Alicante"]
[Site "San Vicente ESP"]
[Date "2025.04.16"]
[Round "1.14"]
[White "Kormas, Georgios"]
[Black "Ioannidis, Evgenios"]
[Result "0-1"]
[BlackTitle "GM"]
[WhiteElo "2108"]
[BlackElo "2513"]
[WhiteFideId "4289056"]
[BlackFideId "4229274"]
[EventDate "2025.04.16"]

1. e4 e5 2. Nf3 Nc6 3. Bb5 a6 4. Ba4 d6 5. O-O Bg4 6. h3 Bh5 7. c3 Be7 8. d3 Nf6
9. Re1 O-O 10. Nbd2 Nd7 11. Nf1 Nc5 12. Bc2 Ne6 13. Ng3 Bxf3 14. Qxf3 Bg5 15.
Be3 Bxe3 16. fxe3 Qg5 17. d4 exd4 18. h4 Qc5 19. Bb3 Ne5 20. Qe2 dxe3 21. Qxe3
Nd3 22. Qxc5 Nexc5 23. Re2 a5 24. Bc4 Ne5 25. Bd5 a4 26. a3 g6 27. h5 Kg7 28.
Rf1 Ra6 29. Rd2 Rb6 30. Rff2 Ncd3 31. Rfe2 c6 32. Ba2 Nc1 0-1

[Event "9th Semana Santa Alicante"]
[Site "San Vicente ESP"]
[Date "2025.04.16"]
[Round "1.15"]
[White "Balakrishnan, Praveen"]
[Black "Moreto Quintana, Alex"]
[Result "1-0"]
[WhiteTitle "GM"]
[WhiteElo "2489"]
[BlackElo "2108"]
[WhiteFideId "2064871"]
[BlackFideId "2258390"]
[EventDate "2025.04.16"]

1. d4 d5 2. Nf3 c6 3. Bf4 Nf6 4. e3 Bf5 5. c4 e6 6. Nc3 Nbd7 7. Bd3 Bxd3 8. Qxd3
dxc4 9. Qxc4 Nb6 10. Qb3 Nfd5 11. Bg5 Be7 12. Bxe7 Qxe7 13. e4 Nxc3 14. bxc3 O-O
15. a4 Rab8 16. O-O Nd7 17. Nd2 c5 18. Nc4 cxd4 19. cxd4 Nf6 20. Rfe1 Rfd8 21.
Rad1 b5 22. axb5 Qb7 23. Rb1 Nxe4 24. Qe3 Qd5 25. Ne5 Nd6 26. Nc6 Nf5 27. Qe5
Qd6 28. Qxd6 Nxd6 29. d5 exd5 30. Rbd1 Nxb5 31. Nxd8 1-0

[Event "9th Semana Santa Alicante"]
[Site "San Vicente ESP"]
[Date "2025.04.16"]
[Round "1.16"]
[White "Pereslavtsev, Alexandr"]
[Black "Diaz Camallonga, Carles"]
[Result "0-1"]
[BlackTitle "IM"]
[WhiteElo "2108"]
[BlackElo "2487"]
[WhiteFideId "343401449"]
[BlackFideId "22235256"]
[EventDate "2025.04.16"]

1. d4 e6 2. c4 Nf6 3. Nf3 Bb4+ 4. Bd2 a5 5. a3 Bxd2+ 6. Qxd2 b6 7. g3 Bb7 8. Bg2
O-O 9. Nc3 Ne4 10. Nxe4 Bxe4 11. O-O a4 12. Rac1 d6 13. Qf4 Bb7 14. e4 Nd7 15.
Rfd1 Ra5 16. Qe3 Re8 17. Bh3 Qa8 18. d5 Nc5 19. Qf4 e5 20. Qe3 Bc8 21. Bxc8 Qxc8
22. Nh4 g6 23. Re1 Qg4 24. Rc3 f6 25. Kg2 Qg5 26. Qe2 Rf8 27. Rf3 Nb3 28. Rc3
Raa8 29. Qe3 Qxe3 30. Rcxe3 Rab8 31. Rc3 Nc5 32. Nf3 b5 33. Nd2 b4 34. Rf3 bxa3
35. bxa3 Rb2 36. Nb1 Rfb8 37. Nc3 Rc2 38. Re2 Rxe2 39. Nxe2 Nxe4 40. Re3 f5 41.
f3 Nd2 42. Rc3 Rb2 43. Kf2 e4 44. f4 Nf3 0-1

[Event "9th Semana Santa Alicante"]
[Site "San Vicente ESP"]
[Date "2025.04.16"]
[Round "1.17"]
[White "Almeida Quintana, Omar"]
[Black "Roebers, Jan"]
[Result "1/2-1/2"]
[WhiteTitle "GM"]
[BlackTitle "FM"]
[WhiteElo "2483"]
[BlackElo "2106"]
[WhiteFideId "3503313"]
[BlackFideId "1007815"]
[EventDate "2025.04.16"]

1. d4 Nf6 2. Nf3 g6 3. c4 Bg7 4. Nc3 d6 5. e4 O-O 6. h3 Na6 7. Be3 e5 8. d5 Nc5
9. Nd2 a5 10. Be2 Ne8 11. h4 f5 12. h5 Nd7 13. Nf3 f4 14. Bc1 g5 15. h6 Bf6 16.
Nd2 Be7 17. Bg4 Nc5 18. Bxc8 Qxc8 19. Nb3 b6 20. g3 f3 21. Be3 Qg4 22. Bxc5 bxc5
23. Nd2 Rb8 24. Qc2 Qd7 25. Nf1 g4 26. Ne3 Bg5 27. Nf5 Nf6 28. Ng7 Kh8 29. Ne6
Rg8 30. Nxg5 Rxg5 31. O-O-O Qf7 32. Nb5 Rh5 33. Rxh5 Qxh5 34. Nxc7 Qxh6+ 35. Kb1
Qg6 36. Re1 h5 37. Nb5 Nh7 38. Qd2 a4 39. a3 Rg8 40. Nc3 Ng5 41. Qc2 Nh3 42. Nd1
h4 43. Ne3 hxg3 44. fxg3 Rf8 45. Nf5 Rxf5 46. exf5 Qg5 47. Ka2 Kg7 48. Rf1 Kf6
49. Qxa4 Qxf5 50. Qe8 e4 51. Qh8+ Kg6 52. Qg8+ Kf6 53. Qh8+ Kf7 54. Qh6 1/2-1/2

[Event "9th Semana Santa Alicante"]
[Site "San Vicente ESP"]
[Date "2025.04.16"]
[Round "1.20"]
[White "Del Amo Carbo, Jordi"]
[Black "Berdayes Ason, Dylan Isidro"]
[Result "0-1"]
[BlackTitle "GM"]
[WhiteElo "2104"]
[BlackElo "2478"]
[WhiteFideId "2234777"]
[BlackFideId "3516016"]
[EventDate "2025.04.16"]

1. d4 d5 2. c4 e6 3. Nc3 Nf6 4. Nf3 Nbd7 5. e3 a6 6. Bd3 dxc4 7. Bxc4 b5 8. Bb3
Bb7 9. O-O c5 10. Qe2 Be7 11. Rd1 O-O 12. a3 Qb6 13. Ba2 Rac8 14. dxc5 Nxc5 15.
Bd2 Rfd8 16. Be1 Bd6 17. b4 Ncd7 18. Rac1 Ne5 19. Nd4 Be7 20. Nb1 Bd5 21. Bxd5
Nxd5 22. Rxc8 Rxc8 23. f3 Nc4 24. Bf2 Qc7 25. Bg3 Qb7 26. e4 Ndb6 27. Nb3 h6 28.
Bf2 Na4 29. Rc1 Bg5 30. Rc2 Rd8 31. h4 Bf6 32. Na5 Nxa5 33. bxa5 Qd7 34. Qd2 Qe7
35. Qe1 Nb2 36. Rd2 Nd3 37. Qd1 Nxf2 38. Rxd8+ Qxd8 39. Qxd8+ Bxd8 40. Kxf2
Bxh4+ 41. Ke3 Bd8 42. Kd4 Bxa5 43. Kc5 Kh7 44. Kc6 Bd8 45. Kb7 a5 46. Kc6 b4 47.
a4 Kg6 48. Nd2 Kg5 49. Nb3 Kf4 50. Kd7 Bb6 51. Kc6 Bf2 52. Nxa5 Kg3 53. Nb3 Kxg2
54. a5 h5 55. a6 h4 56. Nc5 Bxc5 57. Kxc5 b3 58. a7 b2 59. a8=Q b1=Q 60. Qg8
Qc1+ 61. Kd4 Qb2+ 62. Ke3 Qc3+ 63. Kf4 Qxf3+ 64. Ke5 Qg3+ 65. Kd4 h3 0-1

[Event "9th Semana Santa Alicante"]
[Site "San Vicente ESP"]
[Date "2025.04.16"]
[Round "1.21"]
[White "Santiago, Yago De Moura"]
[Black "Eggert, Alberto"]
[Result "1-0"]
[WhiteTitle "GM"]
[WhiteElo "2475"]
[BlackElo "2104"]
[WhiteFideId "2103877"]
[BlackFideId "4139500"]
[EventDate "2025.04.16"]

1. d4 d5 2. c4 c6 3. Nf3 Nf6 4. Nc3 a6 5. g3 h6 6. Bg2 dxc4 7. O-O Nbd7 8. e4
Nb6 9. h3 g5 10. Ne5 Rg8 11. b3 c5 12. dxc5 Qxd1 13. Rxd1 Nbd7 14. Nxd7 Nxd7 15.
Nd5 Rb8 16. Bb2 Rg6 17. Rac1 Rc6 18. Rxc4 e6 19. Nf6+ Ke7 20. e5 Rc7 21. c6 1-0

[Event "9th Semana Santa Alicante"]
[Site "San Vicente ESP"]
[Date "2025.04.16"]
[Round "1.22"]
[White "Sudarshan, Bhat"]
[Black "Diaz Perez, Michel Alejandro"]
[Result "1/2-1/2"]
[BlackTitle "IM"]
[WhiteElo "2103"]
[BlackElo "2474"]
[WhiteFideId "35070843"]
[BlackFideId "3517179"]
[EventDate "2025.04.16"]

1. e4 e5 2. Nf3 Nc6 3. Bb5 a6 4. Ba4 Nf6 5. Qe2 d6 6. c3 Bd7 7. O-O g6 8. d4 Bg7
9. Bxc6 Bxc6 10. dxe5 Nxe4 11. Nd4 d5 12. Nxc6 bxc6 13. Nd2 Nxd2 14. Bxd2 O-O
15. e6 Qd6 16. exf7+ Rxf7 17. Rfe1 a5 18. Qg4 a4 19. Re2 Qd7 20. Qb4 Bf8 21. Qb7
Re8 22. Rxe8 Qxe8 23. Re1 Qd7 24. Qa8 a3 25. b4 h5 26. Qxa3 h4 27. h3 Bd6 28.
Be3 Qe6 29. Qc1 Qe5 30. f4 Qf5 31. a4 g5 32. Qb1 gxf4 33. Qxf5 Rxf5 34. Bf2 f3
35. Bxh4 c5 36. bxc5 Bxc5+ 37. Bf2 Bb6 38. Bxb6 cxb6 39. Re6 Rf4 40. Rxb6 Rxa4
41. gxf3 Rc4 42. Rb3 d4 43. cxd4 Rxd4 44. Kg2 Kg7 45. Kg3 Ra4 46. f4 Kg6 47. Kg4
Ra6 48. Rb5 Rc6 49. Rg5+ Kh6 50. h4 Ra6 51. Re5 Rb6 52. Kf5 Kh5 53. Ke4+ Kxh4
54. Rg5 Rb4+ 55. Kf5 Rb5+ 56. Kg6 Rb6+ 57. Kf5 Rb5+ 58. Kf6 Rb6+ 59. Kg7 Rb4 60.
Rf5 Kg4 61. Rf7 Rxf4 62. Rxf4+ Kxf4 1/2-1/2

[Event "9th Semana Santa Alicante"]
[Site "San Vicente ESP"]
[Date "2025.04.16"]
[Round "1.23"]
[White "Fernandez Guillen, Ernesto J."]
[Black "Saad, Gabriel"]
[Result "1-0"]
[WhiteTitle "IM"]
[WhiteElo "2474"]
[BlackElo "2102"]
[WhiteFideId "3512428"]
[BlackFideId "551044188"]
[EventDate "2025.04.16"]

1. Nf3 Nf6 2. g3 g6 3. Bg2 Bg7 4. O-O O-O 5. c4 d6 6. d4 Nbd7 7. Nc3 e5 8. dxe5
dxe5 9. Qc2 c6 10. Rd1 Qc7 11. b3 Re8 12. Ng5 Nc5 13. Ba3 Bf8 14. b4 Ne6 15.
Nge4 Nxe4 16. Nxe4 Be7 17. e3 Ng5 18. Nxg5 Bxg5 19. Qc3 Bg4 20. f3 Bf5 21. Bb2
a5 22. a3 Bf6 23. e4 Bc8 24. c5 axb4 25. axb4 Rxa1 26. Rxa1 Rd8 27. Bf1 Be6 28.
Be2 Kg7 29. Bc1 Qd7 30. Be3 Qc7 31. Ra7 Rd7 32. Kf2 Qb8 33. Qa1 h5 34. Qa3 Qd8
35. Ra8 Qc7 36. Qc1 Rd8 37. Ra7 Qb8 38. Ra5 Qc7 39. Ra7 Qb8 40. Qa3 Rd7 41. Ra8
Qc7 42. Qa4 Rd8 43. Ra7 Qb8 44. Qa5 Rd7 45. b5 cxb5 46. Ra8 Qc7 47. Qxb5 Rd8 48.
Ra7 Bc8 49. Bc4 Rd7 50. Bd5 Re7 51. c6 1-0